More knižka so 60 okienkami

Bibliographic Details
Main Author: Casalis, Anna, 1953- (Author)
Other Authors: Wolf, Tony, 1930-2018 (Illustrator), Barčák, Silvia (Translator)
Format: Book
Language:Slovak
Italian
PhysicalDescription:12 nečíslovaných strán farebné ilustrácie 26 cm
Published: Bratislava Matys 2021
ISBN:9788080886509
Edition:Vydanie prvé
Subjects:

MARC

LEADER 00000cam a2200000 4500
001 vtls012065740
003 SK-MaSNL
005 20260331212431.0
008 210817s2021 xo a a 000 0 slo
015 |a SNBA2022/08 
020 |a 9788080886509  |q (viazané) 
040 |a SNK  |b slo  |c SNK  |e rda 
041 1 |a slo  |h ita 
044 |a xo  |c SK 
072 7 |a 551  |x Geológia. Meteorológia. Klimatológia  |2 konspekt 
072 7 |a 0/9-053.2  |x Literatúra pre deti a mládež (náučná)  |2 konspekt 
080 |a 551.468  |2 2011 
080 |a 551.4.038  |2 2011 
080 |a 591.9(26)  |2 2011 
080 |a (0.053.2)  |2 2011 
080 |a 627.2  |2 2011 
080 |a (0.025.2)  |2 2011 
100 1 |a Wolf, Tony,  |d 1930-2018  |4 ill  |9 180068 
240 1 0 |a Il Mare. Un libro con 60 finestrelle!  |l Slovensky 
245 1 0 |a More  |b knižka so 60 okienkami  |c Tony Wolf ; texty Anna Casalis ; preklad Silvia Barčák 
250 |a Vydanie prvé 
264 1 |a Bratislava  |b Matys  |c 2021 
300 |a 12 nečíslovaných strán  |b farebné ilustrácie  |c 26 cm 
336 |a text  |b txt  |2 rdacontent 
336 |a statický obraz  |b sti  |2 rdacontent 
337 |a bez média  |b n  |2 rdamedia 
338 |a zväzok  |b nc  |2 rdacarrier 
500 |a Preložené z taliančiny 
500 |a Kartónové listy s otváracími okienkami 
521 8 |a Pre deti od 3 rokov 
650 0 7 |a more  |2 SNKPH  |9 67754 
650 0 7 |a pobrežia  |2 SNKPH  |9 50682 
650 0 7 |a morské živočíchy  |2 SNKPH  |9 67526 
650 0 7 |a prístavy  |2 SNKPH  |9 16797 
650 0 7 |a Sea  |2 SNKPHeng  |9 367910 
650 0 7 |a Sea coast  |2 SNKPHeng  |9 341990 
650 0 7 |a Sea animals  |2 SNKPHeng  |9 316621 
650 0 7 |a Harbours  |2 SNKPHeng  |9 350464 
655 7 |a leporelá  |2 SNKPH  |9 60414 
655 7 |a publikácie pre deti  |2 SNKPH  |9 70148 
655 7 |a Picture books for children  |2 SNKPHeng  |9 277438 
655 7 |a Publications for children  |2 SNKPHeng  |9 276792 
700 1 |a Casalis, Anna,  |d 1953-  |4 aut  |9 230060 
700 1 |a Barčák, Silvia  |4 trl  |9 180937 
919 |a 978-80-8088-650-9 
954 |a ilustrované knihy, leporelá, komiksy cudzojazyčné (svetové)  |2 lita 
958 |a DB 
968 |b IT 
999 |c 1017511  |d 1019441 
952 |a SNK  |b SNK  |y PREZ  |7 0  |p 17A1482501  |o snkOSB 20671  |i snk2022/6749  |8 0  |0 0  |1 0  |4 0  |d 2022-05-04  |l 0  |r 2026-02-24 13:13:40  |w 2026-02-24 
952 |a SNK  |b SNK  |y PREZ  |7 0  |p 17A1482502  |o snkOSB 20671 D1  |i snk2022/6750  |8 0  |0 0  |1 0  |4 0  |d 2022-05-04  |l 0  |r 2026-02-24 13:13:40  |w 2026-02-24